A new approach to the construction of family equivalence scales (Registro nro. 27030)
[ vista simple ]
| 000 -LEADER | |
|---|---|
| fixed length control field | 00384 a2200121 4500 |
| 001 - CONTROL NUMBER | |
| control field | ART_14781 |
| 005 - DATE AND TIME OF LATEST TRANSACTION | |
| control field | 20260410161913.0 |
| 008 - FIXED-LENGTH DATA ELEMENTS--GENERAL INFORMATION | |
| fixed length control field | 260409a |
| 100 1# - MAIN ENTRY--PERSONAL NAME | |
| Personal name | Kapteyn, Arie |
| 245 10 - TITLE STATEMENT | |
| Title | A new approach to the construction of family equivalence scales |
| 700 1# - ADDED ENTRY--PERSONAL NAME | |
| Personal name | Van Praag, Bernard |
| 773 0# - HOST ITEM ENTRY | |
| Title | European economic review |
| Related parts | - Vol. 7, Nº 4 (may. 1976) |
| Record control number | REV13346 |
No hay ítems disponibles.